Monthly statistics of the forein trade of India. Vol. I.Exports.Vol II. Exports including re-exports.2014 (CD) (Record no. 43164)

MARC details
000 -LEADER
fixed length control field 00395nam a2200109Ia 4500
082 ## - DEWEY DECIMAL CLASSIFICATION NUMBER
Classification number 031
Item number MON
245 #0 - TITLE STATEMENT
Title Monthly statistics of the forein trade of India. Vol. I.Exports.Vol II. Exports including re-exports.2014 (CD)
260 ## - PUBLICATION, DISTRIBUTION, ETC. (IMPRINT)
Place of publication Kolkata
Name of publisher Directorate General of Commercial Intelligence of Statistics
Year of publication 2014
300 ## - PHYSICAL DESCRIPTION
Accompanying material CD Form
942 ## - ADDED ENTRY ELEMENTS (KOHA)
Koha item type Books
Holdings
Withdrawn status Lost status Damaged status Not for loan Home library Current library Date acquired Cost, normal purchase price Full call number Accession Number Koha item type
        RRII Library RRII Library 16/12/2021 2800.00 031 MON 23430 Books